00869 2200181 4500245005600000020002200056250001100078100001800089700001800107650001400125005001900139260003100158041001400189084001000203300002300213500044200236336000900678 aTips Menjadi Pengusaha MandiricOman SuparmanhText a978-602-95935-0-3 aCet. 1 aOman Suparman aTim Semiotika aPengusaha a20231004150557 aBandungbPutra Setiac2013 aIndonesia a650.1 a110 hlm. :c21 cm. aKewirausahaan adalah usaha yang sungguh-sungguh dalam memenuhi kebutuhan serta memcahkan permasalahan di masyarakat dengan memanfaatkan sumber daya yang ada. Banyak jasa wirausahawan Indonesia dalam membantu mengatasi kemiskinan dan meningkatkan kesejahteraan. Wirusahawan bisnis telah mendorong laju pertumbuhan ekonomi dan pengingkatan pendapatan masyarakat menjadi lebih baik. Buku ini menceritakan bagaimana wirusahawan yang mandiri. atext